书目信息 |
| 题名: |
语用标记价值论的微观探索
|
|
| 作者: | 侯国金 著 | |
| 分册: | ||
| 出版信息: | 成都 四川大学出版社 2005.06 |
|
| 页数: | 427页 | |
| 开本: | 21cm | |
| 丛书名: | ||
| 单 册: | ||
| 中图分类: | H315.9 | |
| 科图分类: | ||
| 主题词: | 英语--ying yu--翻译--语用学--研究 | |
| 电子资源: | ||
| ISBN: | 7-5614-3150-3 | |
| 000 | 00994nam0 2200241 450 | |
| 001 | 012006452175 | |
| 005 | 20060905162505.07 | |
| 010 | @a7-5614-3150-3@dCNY28.00 | |
| 100 | @a20060611d2005 km y0chiy0120 ea | |
| 101 | 0 | @achi@aeng |
| 102 | @aCN@b510000 | |
| 105 | @aa a 000yy | |
| 200 | 1 | @a语用标记价值论的微观探索@Ayu yong biao ji jia zhi lun de wei guan tan suo@d= Pragmatig Markedness Hypothesis-microscopic investigation@f侯国金著@Fhou guo jin zhu@zeng |
| 210 | @a成都@c四川大学出版社@d2005.06 | |
| 215 | @a427页@c图@d21cm | |
| 320 | @a有书目。 | |
| 330 | @a本书作者不仅建立了“语用标记价值论”,而且应用该理论于翻译中,以求翻译中的标记价值的等效。作为微观探索即考察语音和语用方面的一些问题,如否定句、条件句、疑问句及其答语。 | |
| 510 | 1 | @aPragmatig Markedness Hypothesis-microscopic investigation@zeng |
| 606 | 0 | @a英语@Aying yu@x翻译@x语用学@x研究 |
| 690 | @aH315.9@v4 | |
| 701 | 0 | @a侯国金@Ahou guo jin@4著 |
| 801 | 0 | @aCN@bQSSK@c20060905 |
| 905 | @a10447@dH315.9@eH423 | |
| 语用标记价值论的微观探索= Pragmatig Markedness Hypothesis-microscopic investigation/侯国金著.-成都:四川大学出版社,2005.06 |
| 427页:图;21cm |
| ISBN 7-5614-3150-3:CNY28.00 |
| 本书作者不仅建立了“语用标记价值论”,而且应用该理论于翻译中,以求翻译中的标记价值的等效。作为微观探索即考察语音和语用方面的一些问题,如否定句、条件句、疑问句及其答语。 |
| ● |
| 相关链接 |
|
|
|
正题名:语用标记价值论的微观探索
索取号:H315.9/H423
 
预约/预借
| 序号 | 登录号 | 条形码 | 馆藏地/架位号 | 状态 | 备注 |
| 1 | 585368 | 205853682 | 语言库209/209语言库 9排2列5层/ [索取号:H315.9/H423] | 在馆 | |
| 2 | 585369 | 205853691 | 语言库209/209语言库 9排2列5层/ [索取号:H315.9/H423] | 在馆 | |
| 3 | 585370 | 205853708 | 语言库209/209语言库 9排2列5层/ [索取号:H315.9/H423] | 在馆 |